I Can Real & Speak in French. The Simple Picture Method for Kids to Learn French Immediately

Zapisane w:
Opis bibliograficzny
1. autor: Hazan, Maurice
Format: Książka
Język:English
Wydane: McGraw Hill Companies Inc
Hasła przedmiotowe:
Etykiety: Dodaj etykietę
Nie ma etykietki, Dołącz pierwszą etykiete!
Thư viện lưu trữ: Mạng thư viện Đại học Đà Nẵng
LEADER 00987nam a22002531a 4500
001 000034811
003 11026
005 20151027134509.0
008 151027s0 000 eng
041 |a eng 
082 |a 420.8  |b HA-M 
100 |a Hazan, Maurice 
245 |a I Can Real & Speak in French. The Simple Picture Method for Kids to Learn French Immediately  |c Maurice Hazan 
260 |a McGraw Hill Companies Inc 
300 |a 47p. : ill ; 30cm 
650 |a I Can Real & Speak in French. The Simple Picture Method for Kids to Learn French Immediately, Child, Children, Picture 
OWN |a LNN 
AVA |a UDN50  |b LNN  |d 420.8 HA-M  |e available  |t Error 5001 Not defined in file expand_doc_bib_avail.  |f 2  |g 0  |h N  |i 0  |k 1 
999 |a From the UDN01 
AVA |a UDN50  |b LNN  |d 420.8 HA-M  |e available  |t Error 5001 Not defined in file expand_doc_bib_avail.  |f 2  |g 0  |h N  |i 0  |k 1 
TYP |a Monograph 
980 |a Mạng thư viện Đại học Đà Nẵng